<?xml version="1.0" encoding="UTF-8"?>
<record
    xmlns:xsi="http://www.w3.org/2001/XMLSchema-instance"
    xsi:schemaLocation="http://www.loc.gov/MARC21/slim http://www.loc.gov/standards/marcxml/schema/MARC21slim.xsd"
    xmlns="http://www.loc.gov/MARC21/slim">

  <leader>02545nam a2200385 a 4500</leader>
  <controlfield tag="003">CHAP</controlfield>
  <controlfield tag="005">20250813094242.0</controlfield>
  <controlfield tag="007">ta</controlfield>
  <controlfield tag="008">230426s2019    ck ao||fr|||| 001 0 spa d</controlfield>
  <datafield tag="020" ind1=" " ind2=" ">
    <subfield code="a">978-958-8214-67-2</subfield>
  </datafield>
  <datafield tag="040" ind1=" " ind2=" ">
    <subfield code="a">mxchpua</subfield>
    <subfield code="c">CHAP</subfield>
    <subfield code="e">rda</subfield>
  </datafield>
  <datafield tag="041" ind1="0" ind2=" ">
    <subfield code="b">Espa&#xF1;ol</subfield>
    <subfield code="f">Espa&#xF1;ol</subfield>
  </datafield>
  <datafield tag="050" ind1="1" ind2="0">
    <subfield code="a">TS1975 </subfield>
    <subfield code="b">.I56 2019</subfield>
  </datafield>
  <datafield tag="082" ind1="0" ind2="0">
    <subfield code="a">664.07</subfield>
    <subfield code="b">I56 2019</subfield>
    <subfield code="2">20</subfield>
  </datafield>
  <datafield tag="245" ind1="1" ind2="0">
    <subfield code="a">Inocuidad de los alimentos en la producci&#xF3;n ganadera / </subfield>
    <subfield code="c">fot&#xF3;grafo Aura Mar&#xED;a Pulido Grizales</subfield>
  </datafield>
  <datafield tag="250" ind1=" " ind2=" ">
    <subfield code="a">1a edici&#xF3;n </subfield>
  </datafield>
  <datafield tag="264" ind1=" " ind2=" ">
    <subfield code="a">Colombia : </subfield>
    <subfield code="b">Instituto Colombiano Agropecuario, </subfield>
    <subfield code="c">2019</subfield>
  </datafield>
  <datafield tag="300" ind1=" " ind2=" ">
    <subfield code="a">30 p&#xE1;ginas : </subfield>
    <subfield code="b">ilustraciones y fotos </subfield>
  </datafield>
  <datafield tag="336" ind1=" " ind2=" ">
    <subfield code="2">rdacontent</subfield>
    <subfield code="a">texto</subfield>
    <subfield code="b">txt</subfield>
  </datafield>
  <datafield tag="337" ind1=" " ind2=" ">
    <subfield code="2">rdamedia</subfield>
    <subfield code="a">sin medio</subfield>
    <subfield code="b">n</subfield>
  </datafield>
  <datafield tag="338" ind1=" " ind2=" ">
    <subfield code="2">rdacarrier</subfield>
    <subfield code="a">volumen</subfield>
    <subfield code="b">nc</subfield>
  </datafield>
  <datafield tag="490" ind1="1" ind2=" ">
    <subfield code="a">Sanidad agropecuaria e inocuidad en la producci&#xF3;n primaria (ICA)</subfield>
  </datafield>
  <datafield tag="500" ind1=" " ind2=" ">
    <subfield code="a">En la portada incluye: "Reglamentaci&#xF3;n y inocuidad de los alimentos en la producci&#xF3;n primaria de carne y leche: resoluci&#xF3;n 2341 de 2007 y resoluci&#xF3;n 3585 de 2008"</subfield>
  </datafield>
  <datafield tag="505" ind1="0" ind2=" ">
    <subfield code="a">Introducci&#xF3;n -- Cap&#xED;tulo I. Inocuidad en la producci&#xF3;n de carne -- Definiciones -- Inocuidad en la producci&#xF3;n de carne &#xE1;rea e instalaciones -- Programa de saneamiento -- Almacenamiento de insumos pecuarios y agr&#xED;colas --Sanidad animal y bioseguridad -- Trazabilidad -- Buenas pr&#xE1;cticas para la alimentaci&#xF3;n animal - BPAA -- Bienestar animal -- Personal -- Cap&#xED;tulo II. Inocuidad en la producci&#xF3;n de leche -- Definiciones -- Inocuidad en la producci&#xF3;n de leche -- Requisitos sanitarios par las instalaciones y &#xE1;reas --Sanidad animal -- De la rutina de orde&#xF1;o --  Salud e higiene del personal de orde&#xF1;o -- Programas de capacitaci&#xF3;n -- Procedencia, enfriamiento y destino de la leche -- Evaluaci&#xF3;n y certificaci&#xF3;n de predios.</subfield>
  </datafield>
  <datafield tag="520" ind1="2" ind2=" ">
    <subfield code="a">La inocuidad en la producci&#xF3;n primaria ganadera es un t&#xE9;rmino nuevo en el &#xE1;mbito de la ganader&#xED;a en Colombia. En esta publicaci&#xF3;n se presenta una compilaci&#xF3;n de la reglamentaci&#xF3;n sanitaria y de inocuidad en la producci&#xF3;n de bovinos destinados al sacrificio y la obtenci&#xF3;n de leche para el consumo humano.</subfield>
  </datafield>
  <datafield tag="650" ind1="1" ind2="3">
    <subfield code="9">58836</subfield>
    <subfield code="a">Inocuidad alimentaria</subfield>
  </datafield>
  <datafield tag="650" ind1="1" ind2="3">
    <subfield code="9">147937</subfield>
    <subfield code="a">Industria del ganado y de la carne  </subfield>
  </datafield>
  <datafield tag="650" ind1="1" ind2="3">
    <subfield code="9">143326</subfield>
    <subfield code="a">Industria l&#xE1;ctea</subfield>
  </datafield>
  <datafield tag="650" ind1="1" ind2="3">
    <subfield code="9">148388</subfield>
    <subfield code="a">Food safety  </subfield>
  </datafield>
  <datafield tag="650" ind1="1" ind2="3">
    <subfield code="9">147938</subfield>
    <subfield code="a">Livestock and meat industry</subfield>
  </datafield>
  <datafield tag="650" ind1="1" ind2="3">
    <subfield code="9">147869</subfield>
    <subfield code="a">Milk industry  </subfield>
  </datafield>
  <datafield tag="700" ind1="1" ind2=" ">
    <subfield code="9">186817</subfield>
    <subfield code="a">Pulido Grizales, Aura Mar&#xED;a</subfield>
    <subfield code="e">fot&#xF3;grafo </subfield>
  </datafield>
  <datafield tag="830" ind1=" " ind2=" ">
    <subfield code="9">186816</subfield>
    <subfield code="a">Sanidad agropecuaria e inocuidad en la producci&#xF3;n primaria (ICA)</subfield>
  </datafield>
  <datafield tag="942" ind1=" " ind2=" ">
    <subfield code="2">ddc</subfield>
    <subfield code="c">LIBRO</subfield>
  </datafield>
  <datafield tag="999" ind1=" " ind2=" ">
    <subfield code="c">218630</subfield>
    <subfield code="d">218630</subfield>
  </datafield>
  <datafield tag="952" ind1=" " ind2=" ">
    <subfield code="0">0</subfield>
    <subfield code="1">0</subfield>
    <subfield code="2">ddc</subfield>
    <subfield code="4">0</subfield>
    <subfield code="5">1</subfield>
    <subfield code="7">0</subfield>
    <subfield code="8">GRAL</subfield>
    <subfield code="a">IA_</subfield>
    <subfield code="b">IA_</subfield>
    <subfield code="d">2021-12-16</subfield>
    <subfield code="e">Compra Carvann Books F. C 22</subfield>
    <subfield code="i">Consumo</subfield>
    <subfield code="l">0</subfield>
    <subfield code="o">664.07 I56 2019</subfield>
    <subfield code="p">1102014692</subfield>
    <subfield code="r">2023-04-26 00:00:00</subfield>
    <subfield code="t">Ej.1</subfield>
    <subfield code="w">2023-04-26</subfield>
    <subfield code="y">LIBRO</subfield>
  </datafield>
  <datafield tag="952" ind1=" " ind2=" ">
    <subfield code="0">0</subfield>
    <subfield code="1">0</subfield>
    <subfield code="2">ddc</subfield>
    <subfield code="4">0</subfield>
    <subfield code="5">5</subfield>
    <subfield code="7">0</subfield>
    <subfield code="8">GRAL</subfield>
    <subfield code="a">IA_</subfield>
    <subfield code="b">IA_</subfield>
    <subfield code="d">2021-12-16</subfield>
    <subfield code="e">Compra Carvann Books F. C 22</subfield>
    <subfield code="i">Consumo</subfield>
    <subfield code="l">1</subfield>
    <subfield code="o">664.07 I56 2019</subfield>
    <subfield code="p">1102014693</subfield>
    <subfield code="r">2024-10-16 19:27:14</subfield>
    <subfield code="s">2024-10-16</subfield>
    <subfield code="t">Ej.2</subfield>
    <subfield code="w">2023-04-26</subfield>
    <subfield code="y">LIBRO</subfield>
  </datafield>
  <datafield tag="952" ind1=" " ind2=" ">
    <subfield code="0">0</subfield>
    <subfield code="1">0</subfield>
    <subfield code="2">ddc</subfield>
    <subfield code="4">0</subfield>
    <subfield code="5">5</subfield>
    <subfield code="7">0</subfield>
    <subfield code="8">GRAL</subfield>
    <subfield code="a">IA_</subfield>
    <subfield code="b">IA_</subfield>
    <subfield code="d">2021-12-16</subfield>
    <subfield code="e">Compra Carvann Books F. C 22</subfield>
    <subfield code="i">Consumo</subfield>
    <subfield code="l">1</subfield>
    <subfield code="o">664.07 I56 2019</subfield>
    <subfield code="p">1102014694</subfield>
    <subfield code="r">2026-03-02 18:30:56</subfield>
    <subfield code="s">2026-03-02</subfield>
    <subfield code="t">Ej.3</subfield>
    <subfield code="w">2023-04-26</subfield>
    <subfield code="y">LIBRO</subfield>
  </datafield>
  <datafield tag="952" ind1=" " ind2=" ">
    <subfield code="0">0</subfield>
    <subfield code="1">0</subfield>
    <subfield code="2">ddc</subfield>
    <subfield code="4">0</subfield>
    <subfield code="5">1</subfield>
    <subfield code="7">0</subfield>
    <subfield code="8">GRAL</subfield>
    <subfield code="a">Z</subfield>
    <subfield code="b">Z</subfield>
    <subfield code="d">2022-12-08</subfield>
    <subfield code="e">Compra Libreria UACh No. 40646</subfield>
    <subfield code="i">S/N</subfield>
    <subfield code="l">0</subfield>
    <subfield code="o">664.07 I56 2019</subfield>
    <subfield code="p">5102007589</subfield>
    <subfield code="r">2025-07-30 14:43:08</subfield>
    <subfield code="t">Ej.1</subfield>
    <subfield code="w">2025-07-30</subfield>
    <subfield code="y">LIBRO</subfield>
  </datafield>
</record>
